000
00294nam a2200145Ia 4500
100
_a
Giametta/Chris
942
_c
BK
366
_f
20
245
_a
Pro flex on spring
260
_b
Apress
_c
2009
082
_a
005.133J
_b
GIA
300
_a
463
546
_a
ENGLISH
_c
electronics
999
_c
29342
_d
29342